| 000 | 00991cam a2200229 4500 | ||
|---|---|---|---|
| 001 | WB4014-04 | ||
| 008 | 040414n2004 000 0 eng u | ||
| 035 | _a(Sirsi) u125825 | ||
| 245 | _aGermans invest in UK commercial property | ||
| 260 | _c2004 | ||
| 490 |
_aDTZ Press Release _v13 April 2004, (2) |
||
| 520 | _aAccording to DTZ Research's "Overseas investment in UK commercial property", Germany was the largest buyer of commercial property during 2003 representing a 40% share of total overseas investment. The report also shows that US investor activity is at its lowest ever level as recorded by DTZ while Middle East and Irish investors have become more active particularly over the last three years. Further details available at: http://www.dtz.com/ | ||
| 590 | _aWB | ||
| 590 | _aWB | ||
| 650 | _aGERMANY | ||
| 650 | _aMIDDLE EAST | ||
| 650 | _aIRELAND | ||
| 650 | _aDTZ | ||
| 650 | _aOVERSEAS INVESTMENT | ||
| 690 | _aCOMMERCIAL PROPERTY-INVESTMENT | ||
| 942 | _n0 | ||
| 999 |
_c117199 _d117199 |
||